[Event "Solta op 8th"]
[Site "Grohote"]
[Date "2025.07.02"]
[Round "5"]
[White "Milovic, Jovan"]
[Black "Kovacevic, Blazimir"]
[Result "1-0"]
[WhiteElo "2274"]
[BlackElo "2384"]
[PlyCount "77"]
[EventDate "2025.06.29"]
[EventType "swiss"]
[EventRounds "9"]
[EventCountry "CRO"]
[SourceTitle "CB28_2025"]
[SourceDate "2025.07.09"]
[SourceVersion "1"]
[SourceVersionDate "2025.07.09"]
[SourceQuality "1"]

1. d4 e6 2. e3 Nf6 3. Bd3 b6 4. Ne2 Bb7 5. 0-0 c5 6. Nd2 d5 7. c3 Nbd7 8. f4 Be7 9. Ng3 0-0 10. Rf3 g6 11. b3 Ne8 12. Bb2 f5 13. Nh1 Nd6 14. Rh3 Rc8 15. Nf2 Rc7 16. Rc1 Nf6 17. Nf3 Nfe4 18. Ne5 Bf6 19. Nxe4 dxe4 20. Bb1 Nf7 21. Qe1 Be7 22. c4 Nxe5 23. fxe5 Rd7 24. Rd1 f4 25. exf4 Rxf4 26. d5 exd5 27. e6 d4 28. exd7 Qxd7 29. Bc1 Rg4 30. Re3 Qe6 31. h3 Bh4 32. Qe2 Rf4 33. g3 Rf8 34. Bxe4 dxe3 35. Bxb7 Qxh3 36. Bd5+ Kg7 37. Bb2+ Bf6 38. Bxf6+ Rxf6 39. Qxe3 1-0

[Event "MNT-chT"]
[Site "Herceg Novi"]
[Date "2025.05.02"]
[Round "2.24"]
[White "Cerovic, Zoran"]
[Black "Milovic, Jovan"]
[Result "0-1"]
[WhiteElo "2029"]
[BlackElo "2277"]
[PlyCount "40"]
[EventDate "2025.05.01"]
[EventType "team-tourn"]
[EventRounds "9"]
[EventCountry "MNE"]
[SourceTitle "CB20_2025"]
[SourceDate "2025.05.14"]
[SourceVersion "1"]
[SourceVersionDate "2025.05.14"]
[SourceQuality "1"]
[WhiteTeam "Niksic"]
[BlackTeam "Elektroprivreda"]
[WhiteTeamCountry "MNE"]
[BlackTeamCountry "MNE"]

1. e4 g6 2. d4 Bg7 3. Nf3 Nc6 4. Bc4 Nf6 5. e5 Nh5 6. 0-0 0-0 7. Re1 d6 8. exd6 cxd6 9. c3 e5 10. dxe5 dxe5 11. Qxd8 Rxd8 12. Ng5 Rd7 13. Be3 h6 14. Ne4 Kh7 15. Nc5 Rc7 16. Bd5 Nd4 17. cxd4 exd4 18. Nd3 dxe3 19. fxe3 Bf5 20. e4 Rd8 0-1

[Event "MNT-ch 77th"]
[Site "Podgorica"]
[Date "2025.02.09"]
[Round "11"]
[White "Pusara, Mihailo"]
[Black "Milovic, Jovan"]
[Result "0-1"]
[WhiteElo "2045"]
[BlackElo "2303"]
[PlyCount "62"]
[EventDate "2025.01.31"]
[EventType "swiss"]
[EventRounds "11"]
[EventCountry "MNE"]
[SourceTitle "CB07_2025"]
[SourceDate "2025.02.12"]
[SourceVersion "1"]
[SourceVersionDate "2025.02.12"]
[SourceQuality "1"]

1. e4 g6 2. d4 Bg7 3. Nc3 d6 4. Be3 Nc6 5. Qd2 e5 6. dxe5 dxe5 7. Qxd8+ Nxd8 8. 0-0-0 c6 9. Bc4 Be6 10. Bxe6 Nxe6 11. Nge2 h5 12. g3 Nf6 13. h3 h4 14. g4 Bh6 15. Bxh6 Rxh6 16. b4 Rd8 17. f3 Rxd1+ 18. Rxd1 Nh7 19. Ng1 Ke7 20. Nce2 Nhf8 21. Kd2 g5 22. Ke3 Ng6 23. Rd3 Ngf4 24. Ra3 a6 25. Ra5 f6 26. a4 Rh8 27. b5 Nc5 28. b6 Nfe6 29. Nc1 Nd7 30. Nb3 Nxb6 31. Nd2 Rd8 0-1

[Event "MNT-ch 77th"]
[Site "Podgorica"]
[Date "2025.02.06"]
[Round "8"]
[White "Milovic, Jovan"]
[Black "Nenezic, Danilo"]
[Result "1-0"]
[WhiteElo "2303"]
[BlackElo "2193"]
[PlyCount "69"]
[EventDate "2025.01.31"]
[EventType "swiss"]
[EventRounds "11"]
[EventCountry "MNE"]
[SourceTitle "CB07_2025"]
[SourceDate "2025.02.12"]
[SourceVersion "1"]
[SourceVersionDate "2025.02.12"]
[SourceQuality "1"]

1. b3 e5 2. Bb2 Nc6 3. c4 g6 4. h4 h5 5. e3 Bg7 6. Nf3 Nge7 7. Nc3 a6 8. Ne4 d5 9. cxd5 Nxd5 10. Bc4 Nb6 11. Be2 0-0 12. Nfg5 Bf5 13. Nc5 Qe7 14. Rc1 f6 15. Nh3 Bc8 16. Qc2 Qf7 17. a3 Nd8 18. Bd3 f5 19. Ng5 Qe7 20. b4 c6 21. Qb3+ Kh8 22. Bb1 Bf6 23. g4 Kg7 24. gxh5 gxh5 25. Rg1 Kh6 26. Qd1 e4 27. Bxf6 Rxf6 28. Nh3 Ne6 29. Rg5 Qe8 30. Ba2 Nd5 31. Bxd5 cxd5 32. Nxe6 Bxe6 33. Nf4 Bf7 34. Rc7 Rc8 35. Qa1 1-0

[Event "MNT-chT"]
[Site "Herceg Novi"]
[Date "2024.05.01"]
[Round "6.11"]
[White "Milovic, Jovan"]
[Black "Perovic, Vladimir"]
[Result "1-0"]
[WhiteElo "2289"]
[BlackElo "2138"]
[PlyCount "143"]
[EventDate "2024.04.27"]
[EventType "team-tourn"]
[EventRounds "9"]
[EventCountry "MNE"]
[SourceTitle "CBM 220 Extra"]
[Source "ChessBase"]
[SourceDate "2024.07.31"]
[SourceVersion "1"]
[SourceVersionDate "2024.07.31"]
[SourceQuality "1"]
[WhiteTeam "Elektroprivreda"]
[BlackTeam "Niksic"]
[WhiteTeamCountry "MNE"]
[BlackTeamCountry "MNE"]

1. d4 Nf6 2. Nc3 d5 3. Bg5 c6 4. e3 Bg4 5. f3 Bh5 6. Nh3 Nbd7 7. Nf4 Bg6 8. h4 Qc7 9. h5 Bf5 10. g4 Be6 11. Nxe6 fxe6 12. Bf4 e5 13. Bg3 h6 14. Qd2 e6 15. Qh2 Qb6 16. 0-0-0 exd4 17. Bc7 Qb4 18. Rxd4 Qe7 19. Bd3 Nb6 20. Bg6+ Kd7 21. e4 Kc8 22. Bg3 c5 23. Rdd1 d4 24. Nb5 Qd7 25. Nc7 Qa4 26. Bf7 Nfd7 27. Bxe6 Be7 28. Bb3 Qc6 29. Be6 Rf8 30. Rd3 Bg5+ 31. Kb1 Be3 32. Bf5 c4 33. Ra3 c3 34. Nxa8 Nc4 35. Rxa7 Nd2+ 36. Qxd2 cxd2 37. Nb6+ Kd8 38. Nd5 Nb6 39. Bc7+ Ke8 40. Bxb6 Rxf5 41. gxf5 d3 42. Ra8+ Kf7 43. Nxe3 Qxb6 44. Nc4 Qf2 45. Nxd2 Qxd2 46. cxd3 Qxd3+ 47. Ka1 Qxf3 48. Re1 Qxh5 49. Ra7 Qh4 50. Rxb7+ Kf6 51. Rg1 Qxe4 52. Rbxg7 Kxf5 53. a3 Qh4 54. Ra7 h5 55. Ra5+ Kf6 56. Rc1 Qg4 57. Rc6+ Ke7 58. Ra7+ Kd8 59. Rc1 h4 60. Rh7 Qe4 61. Rh5 Ke7 62. Rf1 Ke6 63. Rh6+ Ke5 64. Rc1 Kf5 65. Rc5+ Kg4 66. Rch5 Qh1+ 67. Ka2 h3 68. Rh4+ Kg5 69. R6h5+ Kg6 70. Rxh3 Qe4 71. Rb5 Qe6+ 72. Rhb3 1-0

[Event "MNE-ch 76th"]
[Site "Podgorica"]
[Date "2024.02.13"]
[Round "9"]
[White "Kadric, Denis"]
[Black "Milovic, Jovan"]
[Result "1-0"]
[WhiteElo "2586"]
[BlackElo "2266"]
[PlyCount "43"]
[EventDate "2024.02.06"]
[EventType "swiss"]
[EventRounds "11"]
[EventCountry "MNE"]
[SourceTitle "CBM 218 Extra"]
[Source "ChessBase"]
[SourceDate "2024.03.31"]
[SourceVersion "1"]
[SourceVersionDate "2024.03.31"]
[SourceQuality "1"]

1. e4 d5 2. exd5 Nf6 3. Nf3 Bg4 4. Bb5+ Nbd7 5. Nc3 a6 6. Be2 Nb6 7. h3 Bh5 8. d4 Nfxd5 9. Nxd5 Qxd5 10. b3 0-0-0 11. c4 Qe4 12. Be3 e5 13. d5 Bb4+ 14. Kf1 Bxf3 15. Bxf3 Qg6 16. Bh5 Qd6 17. Bxf7 Rhf8 18. Be6+ Kb8 19. Qc2 Bc5 20. Ke2 Bd4 21. c5 Bxe3 22. fxe3 1-0

[Event "MNE-ch 76th"]
[Site "Podgorica"]
[Date "2024.02.06"]
[Round "1"]
[White "Milovic, Jovan"]
[Black "Khramko, Lev"]
[Result "1-0"]
[WhiteElo "2266"]
[BlackElo "1458"]
[PlyCount "77"]
[EventDate "2024.02.06"]
[EventType "swiss"]
[EventRounds "11"]
[EventCountry "MNE"]
[SourceTitle "CBM 218 Extra"]
[Source "ChessBase"]
[SourceDate "2024.03.31"]
[SourceVersion "1"]
[SourceVersionDate "2024.03.31"]
[SourceQuality "1"]

1. g3 e5 2. Bg2 d5 3. Nf3 Nc6 4. d4 e4 5. Ne5 Nxe5 6. dxe5 Bb4+ 7. c3 Bc5 8. c4 Bb4+ 9. Nc3 d4 10. Qa4+ Qd7 11. Qxb4 a5 12. Qb3 dxc3 13. Qxc3 Qc6 14. Qd4 f5 15. exf6 Nxf6 16. Bg5 Bf5 17. Qe5+ Qe6 18. Bxf6 gxf6 19. Qxe6+ Bxe6 20. Bxe4 Bxc4 21. Bxb7 Rb8 22. Bc6+ Kf7 23. b3 Rb6 24. Bf3 Be6 25. 0-0 a4 26. bxa4 c5 27. Rfb1 Ra6 28. Rb7+ Kg6 29. Rc1 Rc8 30. Re7 Bxa2 31. Bb7 Ra7 32. Be4+ f5 33. Bxf5+ Kxf5 34. Rxa7 c4 35. Rb7 c3 36. Rxh7 c2 37. Rb7 Bb1 38. Rcxb1 cxb1Q+ 39. Rxb1 1-0

[Event "MNT Team Cup"]
[Site "Herceg Novi"]
[Date "2022.05.21"]
[Round "2.3"]
[White "Jakic, Vidan"]
[Black "Milovic, Jovan"]
[Result "0-1"]
[WhiteElo "2050"]
[BlackElo "2266"]
[PlyCount "78"]
[EventDate "2022.05.20"]
[EventType "swiss"]
[EventRounds "5"]
[EventCountry "MNE"]
[SourceTitle "CBM 208 Extra"]
[Source "ChessBase"]
[SourceDate "2022.07.31"]
[SourceVersion "1"]
[SourceVersionDate "2022.07.31"]
[SourceQuality "1"]

1. e4 d5 2. exd5 Nf6 3. d4 Bg4 4. Be2 Bxe2 5. Qxe2 Qxd5 6. Nf3 e6 7. 0-0 Nc6 8. Be3 Qh5 9. c4 g5 10. d5 Ne5 11. Bd4 Nxf3+ 12. Qxf3 Qxf3 13. gxf3 Be7 14. Nc3 Rg8 15. Rfe1 g4 16. f4 Nh5 17. f5 Nf4 18. fxe6 fxe6 19. Re4 Nh3+ 20. Kf1 Ng5 21. Rxg4 0-0-0 22. Ke2 h5 23. Rg2 Nf3 24. Rxg8 Nxd4+ 25. Kd3 Rxg8 26. Kxd4 Rg4+ 27. Kd3 exd5 28. Nxd5 Bc5 29. f3 Rd4+ 30. Kc3 Rh4 31. Rd1 Rxh2 32. b4 Bd6 33. c5 Be5+ 34. Kd3 Kd7 35. Ke4 Ke6 36. Rg1 Re2+ 37. Ne3 Rxa2 38. f4 Bf6 39. Rg6 c6 0-1

[Event "MNT-chT 1st League"]
[Site "Sutomore"]
[Date "2021.08.01"]
[Round "3.2"]
[White "Babic, Drasko"]
[Black "Milovic, Jovan"]
[Result "1/2-1/2"]
[WhiteElo "2239"]
[BlackElo "2289"]
[PlyCount "95"]
[EventDate "2021.07.31"]
[EventType "team-tourn"]
[EventRounds "9"]
[EventCountry "MNE"]
[SourceTitle "EXT 2022"]
[Source "ChessBase"]
[SourceDate "2021.10.06"]
[SourceVersion "1"]
[SourceVersionDate "2021.10.06"]
[SourceQuality "1"]
[WhiteTeam "Berane"]
[BlackTeam "Elektroprivreda"]
[WhiteTeamCountry "MNE"]
[BlackTeamCountry "MNE"]

1. e4 g6 2. d4 Bg7 3. Be3 Nc6 4. c3 Nf6 5. e5 Nd5 6. Bd2 d6 7. exd6 cxd6 8. Nf3 0-0 9. Bc4 Nb6 10. Be2 e5 11. Bg5 f6 12. Be3 e4 13. Ng1 Kh8 14. Qd2 Be6 15. Na3 Rc8 16. h4 h5 17. Nh3 Bxh3 18. Rxh3 f5 19. 0-0-0 Nd5 20. Bh6 f4 21. Bxg7+ Kxg7 22. Kb1 Qd7 23. c4 Nde7 24. d5 Ne5 25. Qd4 f3 26. Bf1 Rf4 27. g3 Nf5 28. Qxa7 Rg4 29. Nc2 Nxc4 30. Bxc4 Rxc4 31. Ne3 Ra4 32. Qb6 Nxe3 33. Qxe3 Rxa2 34. Qd4+ Kh7 35. Kxa2 e3 36. Qd3 Ra4+ 37. Kb1 Qxh3 38. Qxe3 Qf5+ 39. Rd3 Re4 40. Qxf3 Re1+ 41. Kc2 Qd7 42. Kd2 Re7 43. Qf6 Rf7 44. Qd4 Qh3 45. Ke2 Qg2 46. Rc3 b5 47. Rc8 Qf3+ 48. Kd2 1/2-1/2

[Event "MNT-chT"]
[Site "Podgorica"]
[Date "2020.10.13"]
[Round "7.3"]
[White "Milanovic, Slavisa"]
[Black "Milovic, Jovan"]
[Result "1-0"]
[WhiteElo "2340"]
[BlackElo "2307"]
[PlyCount "69"]
[EventDate "2020.10.09"]
[EventType "team-tourn"]
[EventRounds "9"]
[EventCountry "MNE"]
[SourceTitle "CBM 198 Extra"]
[Source "ChessBase"]
[SourceDate "2020.11.30"]
[SourceVersion "1"]
[SourceVersionDate "2020.11.30"]
[SourceQuality "1"]
[WhiteTeam "Rudar"]
[BlackTeam "Elektroprivreda"]
[WhiteTeamCountry "MNE"]
[BlackTeamCountry "MNE"]

1. c4 g6 2. Nf3 Bg7 3. d4 f5 4. g3 Nf6 5. Bg2 0-0 6. 0-0 Ne4 7. Nbd2 c5 8. e3 Nxd2 9. Qxd2 d6 10. Rd1 cxd4 11. Nxd4 Na6 12. b3 Nc5 13. Bb2 Bd7 14. Rac1 a5 15. h4 a4 16. b4 Ne4 17. Qd3 a3 18. Bxa3 Ra4 19. Qb3 Kh8 20. Bb2 Qb6 21. a3 Ra6 22. Ne2 e5 23. Qd3 Nc5 24. bxc5 Qxb2 25. Rb1 e4 26. Qd2 Qxa3 27. Rxb7 Ba4 28. Rdb1 Qd3 29. Qe1 dxc5 30. Nf4 Qxc4 31. Bf1 Qa2 32. Bxa6 Bc2 33. R1b6 Be5 34. Ne6 Rc8 35. Ng5 1-0

[Event "MNT-chT"]
[Site "Podgorica"]
[Date "2020.10.11"]
[Round "4.5"]
[White "Milovic, Jovan"]
[Black "Tomic, Aleksandar1"]
[Result "1/2-1/2"]
[WhiteElo "2307"]
[BlackElo "2367"]
[PlyCount "133"]
[EventDate "2020.10.09"]
[EventType "team-tourn"]
[EventRounds "9"]
[EventCountry "MNE"]
[SourceTitle "CBM 198 Extra"]
[Source "ChessBase"]
[SourceDate "2020.11.30"]
[SourceVersion "1"]
[SourceVersionDate "2020.11.30"]
[SourceQuality "1"]
[WhiteTeam "Elektroprivreda"]
[BlackTeam "Crnogorac"]
[WhiteTeamCountry "MNE"]
[BlackTeamCountry "MNE"]

1. g3 e5 2. Bg2 h5 3. d4 exd4 4. Nf3 d5 5. Qxd4 Be7 6. Nc3 Bf6 7. Qd3 c6 8. h4 Na6 9. Bg5 Nc5 10. Qd2 Bf5 11. Nd4 Bg6 12. 0-0-0 Qb6 13. Bxd5 0-0-0 14. Bxf6 Nxf6 15. Bg2 Ne6 16. Bh3 Ng4 17. e3 c5 18. Na4 Qa6 19. Nxc5 Nxc5 20. Qc3 Kb8 21. Qxc5 Rc8 22. Qa3 Qxa3 23. bxa3 Nxf2 24. Bxc8 Rxc8 25. Kd2 Rc4 26. Rhf1 Nxd1 27. Rxd1 Ra4 28. Kc1 a6 29. Kb2 Ra5 30. Kb3 Re5 31. Re1 Kc7 32. c4 f6 33. a4 Be8 34. a5 Bd7 35. Kb4 Re4 36. Kc3 g5 37. hxg5 fxg5 38. Kd3 Rg4 39. Rh1 h4 40. gxh4 gxh4 41. e4 Rg3+ 42. Kd2 h3 43. e5 Bg4 44. a4 Ra3 45. e6 Kd8 46. c5 Ke8 47. Rb1 Rxa4 48. Ke3 h2 49. Rh1 Ra2 50. Kf4 Rg2 51. Nf3 Bxf3 52. Kxf3 Rc2 53. Ke4 Rxc5 54. Rxh2 Rxa5 55. Rh8+ Ke7 56. Rh7+ Kxe6 57. Rxb7 Kd6 58. Kd4 Kc6 59. Rh7 Rb5 60. Rh6+ Kb7 61. Kc4 Rb1 62. Kc5 Rb5+ 63. Kc4 Ka7 64. Rg6 Rb7 65. Rg5 Rb8 66. Rg7+ Kb6 67. Kb4 1/2-1/2

[Event "MNT-chT"]
[Site "Podgorica"]
[Date "2020.10.10"]
[Round "3.1"]
[White "Milovic, Jovan"]
[Black "Bukvic, Mihailo"]
[Result "1-0"]
[WhiteElo "2307"]
[BlackElo "2053"]
[PlyCount "81"]
[EventDate "2020.10.09"]
[EventType "team-tourn"]
[EventRounds "9"]
[EventCountry "MNE"]
[SourceTitle "CBM 198 Extra"]
[Source "ChessBase"]
[SourceDate "2020.11.30"]
[SourceVersion "1"]
[SourceVersionDate "2020.11.30"]
[SourceQuality "1"]
[WhiteTeam "Elektroprivreda"]
[BlackTeam "Cetinje"]
[WhiteTeamCountry "MNE"]
[BlackTeamCountry "MNE"]

1. d4 f5 2. g3 Nf6 3. Bg2 e6 4. Bg5 d5 5. f4 Be7 6. Nf3 0-0 7. Ne5 Nbd7 8. 0-0 Nxe5 9. fxe5 Ne4 10. Bxe7 Qxe7 11. c4 b6 12. cxd5 exd5 13. Bxe4 fxe4 14. Rxf8+ Qxf8 15. Qb3 c6 16. Nc3 Kh8 17. Rf1 Qe8 18. Qa3 Bh3 19. Rf4 h6 20. Qd6 Rd8 21. Qc7 Qd7 22. Qxd7 Rxd7 23. g4 g5 24. Rf6 Kg7 25. Rxc6 Bxg4 26. Kf2 h5 27. Rd6 Rxd6 28. exd6 Kf7 29. Nxd5 Be6 30. Nc3 g4 31. Kg3 e3 32. Kh4 b5 33. b4 a5 34. d5 Bf5 35. bxa5 b4 36. Nd1 Bb1 37. Nxe3 Bxa2 38. a6 b3 39. Nc4 b2 40. Nxb2 Bxd5 41. Nd3 1-0

[Event "MNT-chT"]
[Site "Podgorica"]
[Date "2020.10.09"]
[Round "1.2"]
[White "Milovic, Jovan"]
[Black "Sukovic, Andrej"]
[Result "0-1"]
[WhiteElo "2307"]
[BlackElo "2226"]
[PlyCount "54"]
[EventDate "2020.10.09"]
[EventType "team-tourn"]
[EventRounds "9"]
[EventCountry "MNE"]
[SourceTitle "CBM 198 Extra"]
[Source "ChessBase"]
[SourceDate "2020.11.30"]
[SourceVersion "1"]
[SourceVersionDate "2020.11.30"]
[SourceQuality "1"]
[WhiteTeam "Elektroprivreda"]
[BlackTeam "Buducnost"]
[WhiteTeamCountry "MNE"]
[BlackTeamCountry "MNE"]

1. d4 Nf6 2. Bg5 e6 3. e4 h6 4. Bxf6 Qxf6 5. e5 Qe7 6. Nf3 d6 7. Bd3 Nc6 8. 0-0 dxe5 9. Nxe5 Nxe5 10. dxe5 Qc5 11. Qh5 Bd7 12. Nc3 0-0-0 13. Ne4 Qa5 14. b4 Bxb4 15. Rab1 f5 16. Ng3 Bc3 17. f4 Bd4+ 18. Kh1 g5 19. Ne2 Bb6 20. Bc4 Qc5 21. Bb3 Kb8 22. a4 Be8 23. Qh3 Bc6 24. Bxe6 Qxc2 25. a5 g4 26. Qg3 Rd3 27. Qe1 Bxg2+ 0-1

[Event "MNT-ch 72nd"]
[Site "Podgorica"]
[Date "2020.09.12"]
[Round "3"]
[White "Milovic, Jovan"]
[Black "Vujovic, Savo"]
[Result "1-0"]
[WhiteElo "2276"]
[BlackElo "2082"]
[PlyCount "57"]
[EventDate "2020.09.11"]
[EventType "swiss"]
[EventRounds "9"]
[EventCountry "MNE"]
[SourceTitle "CBM 198 Extra"]
[Source "ChessBase"]
[SourceDate "2020.11.30"]
[SourceVersion "1"]
[SourceVersionDate "2020.11.30"]
[SourceQuality "1"]

1. d4 Nf6 2. Bg5 c5 3. d5 Ne4 4. h4 Qb6 5. Nd2 h6 6. Bf4 Qxb2 7. Nxe4 Qb4+ 8. Qd2 Qxe4 9. f3 Qb4 10. c3 Qa5 11. e4 d6 12. Ne2 Nd7 13. h5 Nb6 14. Rb1 e5 15. dxe6 Bxe6 16. Ng3 0-0-0 17. Rb5 Qa3 18. c4 Bxc4 19. Rxb6 Bxa2 20. Rb5 b6 21. Nf5 c4 22. Qd5 c3 23. Qc6+ Kb8 24. Rxb6+ axb6 25. Qxb6+ Kc8 26. Ba6+ Kd7 27. Bb5+ Kc8 28. Ba6+ Kd7 29. Qa7+ 1-0

[Event "MNT Team Cup"]
[Site "Herceg Novi"]
[Date "2020.06.26"]
[Round "3.2"]
[White "Kalezic, Blazo"]
[Black "Milovic, Jovan"]
[Result "1-0"]
[WhiteElo "2451"]
[BlackElo "2256"]
[PlyCount "69"]
[EventDate "2020.06.25"]
[EventType "team-swiss"]
[EventRounds "5"]
[EventCountry "MNE"]
[SourceTitle "EXT 2021"]
[Source "ChessBase"]
[SourceDate "2020.10.23"]
[SourceVersion "1"]
[SourceVersionDate "2020.10.23"]
[SourceQuality "1"]
[WhiteTeam "Buducnost"]
[BlackTeam "Elektroprivreda"]
[WhiteTeamCountry "MNE"]
[BlackTeamCountry "MNE"]

1. e4 c5 2. Nf3 d6 3. c3 g6 4. d4 cxd4 5. cxd4 Bg7 6. h3 Nf6 7. Nc3 0-0 8. Be2 Bd7 9. 0-0 Nc6 10. Be3 Rc8 11. Rc1 a6 12. e5 Ne8 13. Bf4 dxe5 14. dxe5 Nc7 15. Bg3 Bh6 16. Ra1 Bf5 17. Qa4 g5 18. Rad1 Qe8 19. Bd3 Bg6 20. Qg4 Ne6 21. Bxg6 hxg6 22. Ne4 Ncd8 23. Nfxg5 Rc2 24. Nxe6 Nxe6 25. f4 Qc6 26. f5 Ng5 27. Rf4 Rxb2 28. Bh4 Nxe4 29. Rxe4 Kh7 30. Bxe7 Rg8 31. f6 Rc8 32. e6 Qb6+ 33. Kh1 fxe6 34. Rxe6 Qf2 35. Ba3 1-0